| 000 | 00532nam a2200181Ia 4500 | ||
|---|---|---|---|
| 003 | GCL | ||
| 008 | 140319s9999 xx 000 0 ara d | ||
| 040 |
_aGCL / _cGCL |
||
| 082 | 0 | 4 |
_a239.9 _bع ع |
| 100 | 1 | _aعبدالسلام العشرى | |
| 245 | 1 | 0 |
_aابوعبدالله عمرو بن العاص / _cعبدالسلام العشرى |
| 300 | _a190 ص | ||
| 490 |
_aكتاب _v0 |
||
| 650 | 0 | 4 | _aالاسلام - تراجم |
| 650 | 0 | 4 | _aعمروبن العاص (ل) |
| 650 | 0 | 4 | _aعمرو بن العاص |
| 942 |
_2ddc _cBK |
||
| 999 |
_c43240 _d43240 |
||